MARC details
| 000 -CABECERA |
| campo de control de longitud fija |
04221nam a2200385 i 4500 |
| 003 - IDENTIFICADOR DEL NÚMERO DE CONTROL |
| campo de control |
DO-SdBNP |
| 005 - FECHA Y HORA DE LA ÚLTIMA TRANSACCIÓN |
| campo de control |
20250414101008.0 |
| 007 - CAMPO FIJO DE DESCRIPCIÓN FÍSICA--INFORMACIÓN GENERAL |
| campo de control de longitud fija |
ta |
| 008 - DATOS DE LONGITUD FIJA--INFORMACIÓN GENERAL |
| campo de control de longitud fija |
250414b2024 dr ||||| |||| 00| 0 spa d |
| 020 ## - NÚMERO INTERNACIONAL ESTÁNDAR DEL LIBRO |
| Número Internacional Estándar del Libro |
9789945510812 |
| 040 ## - FUENTE DE LA CATALOGACIÓN |
| Centro catalogador/agencia de origen |
DO-SdBNP |
| Lengua de catalogación |
spa |
| Centro/agencia transcriptor |
BNPHU |
| Normas de descripción |
rda |
| 041 ## - CÓDIGO DE LENGUA |
| Código de lengua del texto/banda sonora o título independiente |
spa |
| 082 #4 - NÚMERO DE LA CLASIFICACIÓN DECIMAL DEWEY |
| Número de clasificación |
0 |
| Número de documento/Ítem |
B982e 2024 |
| Número de edición |
22 |
| 100 1# - ENTRADA PRINCIPAL--NOMBRE DE PERSONA |
| Nombre de persona |
Bustamante, Fernanda |
| Término indicativo de función/relación |
autor |
| Código de función/relación |
aut. |
| 9 (RLIN) |
87128 |
| 245 10 - MENCIÓN DE TÍTULO |
| Título |
Escribir otra isla : |
| Resto del título |
la República Dominicana en su literatura / |
| Mención de responsabilidad, etc. |
Fernanda Bustamante, Eva Guerrero y Néstor E. Rodríguez ; prólogo de Rafael Peralta Romero ; a modo de preludio José Rafael Lantigua ; corrección, María del Carmen Vicente, Apolinar Liz Rodríguez y Modesto Cuesta. |
| 250 ## - MENCIÓN DE EDICIÓN |
| Mención de edición |
Segunda edición |
| 264 #4 - PRODUCCIÓN, PUBLICACIÓN, DISTRIBUCIÓN, FABRICACIÓN Y COPYRIGHT |
| Producción, publicación, distribución, fabricación y copyright |
Santo Domingo, República Dominicana : |
| Nombre del de productor, editor, distribuidor, fabricante |
Editora Nacional, |
| Fecha de producción, publicación, distribución, fabricación o copyright |
©2024. |
| 300 ## - DESCRIPCIÓN FÍSICA |
| Extensión |
374 páginas ; |
| Dimensiones |
23 cm. |
| 336 ## - TIPO DE CONTENIDO |
| Término de tipo de contenido |
texto |
| Código de tipo de contenido |
txt |
| Fuente |
rdacontent |
| 337 ## - TIPO DE MEDIO |
| Nombre/término del tipo de medio |
sin mediación |
| Código del tipo de medio |
n |
| Fuente |
rdamedia |
| 338 ## - TIPO DE SOPORTE |
| Nombre/término del tipo de soporte |
volumen |
| Código del tipo de soporte |
nc |
| Fuente |
rdacarrier |
| 500 ## - NOTA GENERAL |
| Nota general |
Incluye referencias bibliográficas y notas al pie de las páginas |
| 500 ## - NOTA GENERAL |
| Nota general |
Incluye referencias bibliográficas al final de los capítulos |
| 505 ## - NOTA DE CONTENIDO CON FORMATO |
| Nota de contenido con formato |
Prólogo / |
| Mención de responsabilidad |
Rafael Peralta Romero, 9 -- |
| Título |
A modo de preludio (Primera edición) / |
| Mención de responsabilidad |
José Rafael Lantigua, 15 -- |
| Título |
Introducción (Primera edición) / |
| Mención de responsabilidad |
Fernanda Bustamante, Eva Guerrero, Néstor E. Rodríguez, 19 -- |
| Título |
Entre siglos e inicios del siglo XX, 25 -- |
| -- |
La farmacia y la emancipación de genera en la literatura dominicana de entre siglos / |
| Mención de responsabilidad |
Olga Nedvyga, 27 -- |
| Título |
Representaciones del intelectual y la ciudad en La sangre (1914), de Tulio M. Cestera / |
| Mención de responsabilidad |
Ramón Antonio Victoriano Martínez, 47 -- |
| Título |
Abigaíl Mejía: narrar entre República Dominicana y España. Hojas de un diario viajero (1919) / |
| Mención de responsabilidad |
Eva Guerrero, 63 -- |
| Título |
Historia de una escritura: La Mañosa (1936), de Juan Bosch / |
| Mención de responsabilidad |
Guillermo Piña-Contreras, 81 -- |
| Título |
Vigencia de la «materia reunida» de Camila Henríquez Ureña. Algunas reflexiones desde el espacio académico estadounidense sobre su legado intelectual y feminista / |
| Mención de responsabilidad |
Sharina Maillo-Pozo, 97 -- |
| Título |
Un destino apasionado. Ideario de La Poesía Sorprendida / |
| Mención de responsabilidad |
Eva Valcárcel, 117 -- |
| Título |
Trementina, clerén y bongó (1943), de Julio González Herrera / |
| Mención de responsabilidad |
Danilo Manera, 131 -- |
| Título |
Del mito a la ironía. Catarsis y tragedia en los cuentos de Juan Bosch / |
| Mención de responsabilidad |
María Del Rocío Oviedo y Pérez De Tudela, 147 -- |
| Título |
«Contracanto a WaIt Whitrnan» (1952), de Pedro Mir, y la descolonización de lo humano / Catherine Sawyer, 167 -- Segunda Mitad del siglo XX y nuevo milenio, 185 -- |
| Mención de responsabilidad |
Catherine Sawyer, 167 -- |
| Título |
Segunda Mitad del siglo XX y nuevo milenio, 185 -- |
| -- |
«Ficciones oscuras»: control autoral y violencia sexual en Escalera para Electra (1970), de Aída Cartagena Portalatín / |
| Mención de responsabilidad |
Sandra Alvarado Bordas, 187 -- |
| Título |
Heterotopía y representación de subjetividades afrodescendientes en la poesía de Juan Sánchez Lamouth / |
| Mención de responsabilidad |
Alain B. Atouba Edjeba, 207 -- |
| Título |
Burladores burlados. Astucia y sororidad en dos cuentos de Ángela Hernández / |
| Mención de responsabilidad |
Violeta Lorenzo Feliciano, 269 -- |
| Título |
Mar y pensamiento en la obra de José Mármol / |
| Mención de responsabilidad |
Jochy Herrera, 287 -- |
| Título |
«Aquí en el Ni e' se reescribe la novela». Celebración de la comunidad y la escritura diaspórica en voces de mujeres con conciencia mestiza, en Levente no. Yolayorkdominicanyork (2010), de Josefina Báez / |
| Mención de responsabilidad |
Fernanda Bustamante Escalona, 311 -- |
| Título |
Escribir la antillanía bella, terrible, trágica: El hombre triangulo (2005) y las performances literarias de Rey Andújar / |
| Mención de responsabilidad |
Catherine Pélage, 333 -- |
| Título |
«El rastro de su fragancia como una firma asfixiante en el aire». Una exploración de los sentidos en «Los trajes 1975» (2017), de Rita Indiana / |
| Mención de responsabilidad |
Rita De Maeseneer Marie Schoups, 351 -- |
| Título |
De los autores, 369. |
| 590 ## - NOTA LOCAL (RLIN) |
| Nota local |
Inventariado, 2025 /LP |
| 700 1# - PUNTO DE ACCESO ADICIONAL--NOMBRE DE PERSONA |
| Nombre de persona |
Guerrero, Eva |
| Término indicativo de función/relación |
autor |
| Código de función/relación |
aut. |
| 9 (RLIN) |
87439 |
| 700 1# - PUNTO DE ACCESO ADICIONAL--NOMBRE DE PERSONA |
| Nombre de persona |
Rodríguez, Néstor E. |
| Término indicativo de función/relación |
autor |
| Código de función/relación |
aut. |
| 9 (RLIN) |
87440 |
| 700 1# - PUNTO DE ACCESO ADICIONAL--NOMBRE DE PERSONA |
| Nombre de persona |
Peralta Romero, Rafael, |
| Término indicativo de función/relación |
prologuista |
| Código de función/relación |
pr. |
| 9 (RLIN) |
87405 |
| 700 1# - PUNTO DE ACCESO ADICIONAL--NOMBRE DE PERSONA |
| Nombre de persona |
Lantigua, José Rafael, |
| Término indicativo de función/relación |
preludio |
| Código de función/relación |
pr. |
| 9 (RLIN) |
85376 |
| 700 1# - PUNTO DE ACCESO ADICIONAL--NOMBRE DE PERSONA |
| Nombre de persona |
Vicente, María del Carmen |
| Término indicativo de función/relación |
corrección |
| Código de función/relación |
corr. |
| 9 (RLIN) |
57201 |
| 700 1# - PUNTO DE ACCESO ADICIONAL--NOMBRE DE PERSONA |
| Nombre de persona |
Liz Rodríguez, Apolinar |
| Término indicativo de función/relación |
corrección |
| Código de función/relación |
corr. |
| 9 (RLIN) |
84877 |
| 700 1# - PUNTO DE ACCESO ADICIONAL--NOMBRE DE PERSONA |
| Nombre de persona |
Cuesta, Modesto |
| 9 (RLIN) |
3209 |
| 910 ## - DATOS DE OPCIÓN DEL USUARIO (OCLC) |
| Datos de opción del usuario |
LP |
| 942 ## - ELEMENTOS DE PUNTO DE ACCESO ADICIONAL (KOHA) |
| Fuente del sistema de clasificación o colocación |
Dewey Decimal Classification |
| Tipo de ítem Koha |
Libro |